000 00379nam a2200145Ia 4500
005 20250729165747.0
008 250729s2013 xx 000 0 und d
041 _aeng
082 _a372.25 NORS
100 _aNorber Minezes
_9232331
245 _aStaying connected and beingradiant
260 _aPatna
_bPrabhath Prakashan
_c2013
300 _a96p
650 _aEducation
_9232332
999 _c239729
_d239729